| 000 | 007590000a22002290004500 | ||
|---|---|---|---|
| 003 | dpl | ||
| 005 | 20081029122555.0 | ||
| 008 | 081029t xxu||||| |||| 00| 0 eng d | ||
| 010 | _aENG-84586 | ||
| 020 | _a8182201780 | ||
| 020 | _c450.00 (hb) | ||
| 035 | _aEN-68119 | ||
| 040 | _cdpl | ||
| 082 | _a658.3 | ||
| 100 | _aKrishnamurthi, Kavita | ||
| 245 |
_aHuman resource management: _bconcept and planning / _cby Kavita Krishnamurthi |
||
| 260 |
_aNew Delhi _bGlobal Vision Publishing House |
||
| 260 | _c2006 | ||
| 300 |
_aviii,160p _c22cm |
||
| 942 |
_2ddc _cEN _h658.3 _mKRI |
||
| 999 |
_c17890 _d17890 |
||